000 00758nam a2200217Ii 4500
003 JO-AjNU
008 230605s9999||||xx |||||||||||||| ||und||
017 _a2005/1219
020 _a9957-7-432-6
040 _aJO-AjNU
_bara
_erda
_cJO-AjNU
041 _aara
050 1 4 _aR496.L35.Z36 2005
100 3 _aالزريقات ، ابراهيم عبدالله فرج,
_eauthor
_925914
245 0 0 _aاضطرابات الكلام واللغة التشخيص والعلاج
264 3 1 _aعمان:دار الفكر للنشر ، 2005
300 _a360ص
336 _atext
_btxt
_2rdacontent
337 _aunmediated
_bn
_2rdamedia
338 _avolume
_bnc
_2rdacarrier
650 4 _aالتعليم الخاص -الاطفال بطيئو التعلم
_925915
999 _aA9754
_c13322
_d13322